000 005140000a22001930004500
003 LK-CoMWRAF
005 20230915225035.0
008 230817t1970 ||||| |||| 00| 0 eng d
040 _aLK-CoMWRAF
_dLK-CoMWRAF
_eLK-CoMWRAF
041 _aeng
082 _a297.122
_bKAM
100 _aKamil, Abd-al-Aziz' Abd-Al-Qadir
245 _aIslam and the race question
260 _aUnited Nations :
_bUNESCO,
_c1970
300 _a65p
650 _aIslam and Learning
650 _aIslam-Race discrimination
942 _cBK
999 _c675
_d675